[Event "Tirol Landesliga 2223"]
[Site "Austria"]
[Date "2023.03.12"]
[Round "8.3"]
[White "Hoellrigl, Wilfried"]
[Black "Fuchs, Georg"]
[Result "1-0"]
[WhiteElo "2163"]
[BlackElo "2173"]
[PlyCount "85"]
[EventDate "2022.10.01"]
[EventType "team-tourn"]
[EventRounds "9"]
[EventCountry "AUT"]
[SourceTitle "EXT 2024"]
[Source "ChessBase"]
[SourceDate "2023.10.10"]
[SourceVersion "1"]
[SourceVersionDate "2023.10.10"]
[SourceQuality "1"]
[WhiteTeam "Jenbach"]
[BlackTeam "Schwaz"]
[WhiteTeamCountry "AUT"]
[BlackTeamCountry "AUT"]

1. e4 e5 2. Nf3 Nc6 3. d4 exd4 4. Nxd4 Nf6 5. Nxc6 bxc6 6. e5 Qe7 7. Qe2 Nd5 8. c4 Ba6 9. b3 g6 10. f4 Bg7 11. Qf2 Nf6 12. Be2 0-0 13. Ba3 d6 14. Nc3 Nd7 15. 0-0 Bb7 16. Rad1 Qe6 17. Kh1 Rfe8 18. Bd3 f5 19. c5 d5 20. Ne2 Nf8 21. Nd4 Qc8 22. Rfe1 Ne6 23. Nxe6 Qxe6 24. Bb2 Rad8 25. Bd4 Qc8 26. g4 Qe6 27. gxf5 gxf5 28. Rg1 Kh8 29. Rg5 Rf8 30. Rdg1 Rd7 31. Qg3 Bh6 32. Rxf5 Rg8 33. Qxg8+ Qxg8 34. Rxg8+ Kxg8 35. Kg2 Bc8 36. Rf6 Bf8 37. Rxc6 Rf7 38. Kg3 h5 39. Rg6+ Rg7 40. Rxg7+ Kxg7 41. f5 Kh6 42. h4 c6 43. f6 1-0

[Event "Oberliga Bayern 2122"]
[Site "Bayern"]
[Date "2022.05.08"]
[Round "8.5"]
[White "Kempter, Ronald"]
[Black "Fuchs, Georg"]
[Result "1-0"]
[WhiteElo "2195"]
[BlackElo "2172"]
[PlyCount "83"]
[EventDate "2021.10.24"]
[EventType "team-tourn"]
[EventRounds "9"]
[EventCountry "GER"]
[SourceTitle "EXT 2024"]
[Source "ChessBase"]
[SourceDate "2023.10.10"]
[SourceVersion "1"]
[SourceVersionDate "2023.10.10"]
[SourceQuality "1"]
[WhiteTeam "Groebenzell"]
[BlackTeam "Weilheim"]
[WhiteTeamCountry "GER"]
[BlackTeamCountry "GER"]

1. Nf3 d5 2. g3 c5 3. Bg2 Nc6 4. d4 Nf6 5. 0-0 e6 6. c4 Be7 7. cxd5 exd5 8. Nc3 0-0 9. Bg5 Be6 10. Rc1 Qa5 11. dxc5 Qxc5 12. Na4 Qb5 13. b3 d4 14. Bxf6 Bxf6 15. Rc5 Qa6 16. Ne1 Be7 17. Rc1 Ba3 18. Rc2 Nb4 19. Nc5 Qb6 20. Nxe6 fxe6 21. Rc4 Rad8 22. Nc2 Nxc2 23. Qxc2 Rd7 24. Be4 g6 25. h4 Bd6 26. Kg2 Rdf7 27. Rc8 Kg7 28. Rxf8 Bxf8 29. Qd3 Bd6 30. h5 Rf6 31. Rc1 Be5 32. hxg6 hxg6 33. Rd1 Qa5 34. a4 b6 35. Rc1 Qb4 36. Bf3 Qd6 37. Qe4 Rf5 38. Rc6 Qd5 39. Qxf5 gxf5 40. Bxd5 exd5 41. f4 Bf6 42. Rc7+ 1-0

[Event "AUT-chT2W 2122"]
[Site "Austria"]
[Date "2022.03.13"]
[Round "11.4"]
[White "Fuchs, Georg"]
[Black "Goldbeck, Lars"]
[Result "1/2-1/2"]
[WhiteElo "2223"]
[BlackElo "2200"]
[PlyCount "100"]
[EventDate "2021.10.15"]
[EventType "team-tourn"]
[EventRounds "11"]
[EventCountry "AUT"]
[SourceTitle "EXT 2023"]
[Source "ChessBase"]
[SourceDate "2022.10.05"]
[SourceVersion "1"]
[SourceVersionDate "2022.10.05"]
[SourceQuality "1"]
[WhiteTeam "Jenbach II"]
[BlackTeam "Salzburg Royal"]
[WhiteTeamCountry "AUT"]
[BlackTeamCountry "AUT"]

1. e4 c6 2. c4 d5 3. exd5 cxd5 4. d4 Nf6 5. Nc3 Nc6 6. Nf3 Be6 7. c5 Bg4 8. Be2 g6 9. 0-0 Bg7 10. h3 Bxf3 11. Bxf3 0-0 12. Re1 e6 13. Rb1 Nd7 14. Ne2 a5 15. a3 a4 16. Be3 Qa5 17. Qd3 Rfc8 18. Rec1 Qa6 19. Qxa6 Rxa6 20. b4 axb3 21. Rxb3 Na5 22. Rb5 Nb8 23. Bd2 Nbc6 24. Bxa5 Nxa5 25. Rcb1 Nc6 26. Rxb7 Nxd4 27. Rb8 Nxf3+ 28. gxf3 Rac6 29. Rxc8+ Rxc8 30. Rc1 d4 31. Rc4 d3 32. Nc3 Bf8 33. Kf1 Rxc5 34. Rxc5 Bxc5 35. a4 Bb4 36. Nd1 Kf8 37. Nb2 Ke7 38. Nxd3 Bc3 39. Nc5 f5 40. Ke2 Kd6 41. Nb3 e5 42. Ke3 Kd5 43. Kd3 Be1 44. Ke2 Bb4 45. Ke3 Be1 46. Ke2 Bb4 47. Kd3 Bd6 48. Nd2 Bc5 49. Ke2 Bb6 50. Nf1 h5 1/2-1/2

[Event "AUT-ch Zwisch Internet"]
[Site "Playchess.com INT"]
[Date "2020.05.02"]
[Round "8"]
[White "Fuchs, Georg"]
[Black "Breneis, Lukas"]
[Result "0-1"]
[WhiteElo "2234"]
[BlackElo "2257"]
[PlyCount "80"]
[EventDate "2020.05.02"]
[EventType "swiss (blitz)"]
[EventRounds "13"]
[EventCountry "AUT"]
[SourceTitle "CBM 195 Extra"]
[Source "ChessBase"]
[SourceDate "2020.05.31"]
[SourceVersion "1"]
[SourceVersionDate "2020.05.31"]
[SourceQuality "1"]

1. e4 c5 2. Nf3 e6 3. b3 b6 4. Bb2 Bb7 5. Nc3 Nc6 6. d4 cxd4 7. Nxd4 a6 8. Be2 Nf6 9. 0-0 Nxd4 10. Qxd4 Bc5 11. Qd3 Qc7 12. Kh1 h5 13. f4 Ng4 14. Nd1 0-0-0 15. a3 f5 16. exf5 exf5 17. b4 Bd6 18. Qd4 h4 19. Ne3 h3 20. Bxg4 hxg2+ 21. Nxg2 fxg4 22. Kg1 Qc6 23. Rf2 b5 24. Qc3 Qxc3 25. Bxc3 Rh7 26. Rd1 Bc7 27. Ne3 Bb6 28. Bd4 Bxd4 29. Rxd4 Re8 30. Nxg4 Rh4 31. Ne5 Reh8 32. Rxd7 R4h5 33. Rxg7 R5h6 34. Rd2 R6h7 35. Rdd7 Rxg7+ 36. Rxg7 Rf8 37. Ng6 Rd8 38. Rg8 Rxg8 39. f5 Rg7 40. h4 Be4 0-1

[Event "AUT-ch Zwisch Internet"]
[Site "Playchess.com INT"]
[Date "2020.05.02"]
[Round "11"]
[White "Knoll, Martin"]
[Black "Fuchs, Georg"]
[Result "1-0"]
[WhiteElo "2018"]
[BlackElo "2234"]
[PlyCount "51"]
[EventDate "2020.05.02"]
[EventType "swiss (blitz)"]
[EventRounds "13"]
[EventCountry "AUT"]
[SourceTitle "CBM 195 Extra"]
[Source "ChessBase"]
[SourceDate "2020.05.31"]
[SourceVersion "1"]
[SourceVersionDate "2020.05.31"]
[SourceQuality "1"]

1. d4 e5 2. dxe5 Nc6 3. Nc3 Bb4 4. Bd2 Nge7 5. e4 Nxe5 6. f4 N5c6 7. Nf3 0-0 8. Bc4 d6 9. 0-0 Bg4 10. h3 Bxf3 11. Qxf3 Nd4 12. Qd3 Nec6 13. Be3 Bc5 14. Nd1 Nb4 15. Qd2 Nbxc2 16. Bxd4 Nxd4 17. Kh1 b5 18. Bd3 c6 19. Ne3 Qh4 20. Rac1 Rae8 21. Bb1 Qg3 22. Qd3 Ne6 23. Rf3 Nxf4 24. Rxg3 Nxd3 25. Bxd3 d5 26. Rxc5 1-0

[Event "AUT-ch Zwisch Internet"]
[Site "Playchess.com INT"]
[Date "2020.05.02"]
[Round "4"]
[White "Riemelmoser, Stefan"]
[Black "Fuchs, Georg"]
[Result "0-1"]
[WhiteElo "2046"]
[BlackElo "2234"]
[PlyCount "70"]
[EventDate "2020.05.02"]
[EventType "swiss (blitz)"]
[EventRounds "13"]
[EventCountry "AUT"]
[SourceTitle "CBM 195 Extra"]
[Source "ChessBase"]
[SourceDate "2020.05.31"]
[SourceVersion "1"]
[SourceVersionDate "2020.05.31"]
[SourceQuality "1"]

1. e4 e5 2. Nf3 Nc6 3. Bb5 Nf6 4. 0-0 a6 5. Ba4 b5 6. Bb3 Be7 7. Re1 0-0 8. c3 d6 9. h3 Na5 10. Bc2 c5 11. d4 Qc7 12. Nbd2 Re8 13. Nf1 Bf8 14. Ng3 g6 15. Bg5 Bg7 16. dxe5 dxe5 17. Qe2 Be6 18. b3 c4 19. b4 Nc6 20. a4 h6 21. Be3 Nd7 22. a5 Ne7 23. Rad1 Rad8 24. Nf1 f5 25. exf5 Bxf5 26. Nh4 Qc6 27. Nxf5 gxf5 28. Qh5 Nf6 29. Qh4 f4 30. Bb6 Rd3 31. Bxd3 cxd3 32. g4 Ng6 33. Qxf6 Bxf6 34. Rxd3 e4 35. Rd2 Qxc3 0-1

[Event "AUT-ch Zwisch Internet"]
[Site "Playchess.com INT"]
[Date "2020.05.02"]
[Round "3"]
[White "Streiter, Gerhard"]
[Black "Fuchs, Georg"]
[Result "0-1"]
[WhiteElo "1964"]
[BlackElo "2234"]
[PlyCount "44"]
[EventDate "2020.05.02"]
[EventType "swiss (blitz)"]
[EventRounds "13"]
[EventCountry "AUT"]
[SourceTitle "CBM 195 Extra"]
[Source "ChessBase"]
[SourceDate "2020.05.31"]
[SourceVersion "1"]
[SourceVersionDate "2020.05.31"]
[SourceQuality "1"]

1. e4 d5 2. exd5 Nf6 3. Nf3 Qxd5 4. Nc3 Qd8 5. d4 c6 6. Bc4 Bg4 7. Be3 e6 8. h3 Bh5 9. 0-0 Be7 10. Be2 0-0 11. Ne5 Bxe2 12. Qxe2 Nbd7 13. Rad1 Qc7 14. f4 Nd5 15. Nxd5 cxd5 16. c3 a6 17. Qh5 g6 18. Qh6 Bf6 19. g4 Qd8 20. Rd2 Bg7 21. Qg5 f6 22. Qh4 fxe5 0-1

[Event "AUT-ch Vor3 Internet"]
[Site "Playchess.com INT"]
[Date "2020.04.17"]
[Round "1"]
[White "Fuchs, Georg"]
[Black "Leisenberger, Harald"]
[Result "0-1"]
[WhiteElo "2211"]
[BlackElo "2144"]
[PlyCount "176"]
[EventDate "2020.04.17"]
[EventType "swiss (blitz)"]
[EventRounds "9"]
[EventCountry "AUT"]
[SourceTitle "CBM 195 Extra"]
[Source "ChessBase"]
[SourceDate "2020.05.31"]
[SourceVersion "1"]
[SourceVersionDate "2020.05.31"]
[SourceQuality "1"]

1. e4 d5 2. exd5 Qxd5 3. Nc3 Qd6 4. Nf3 Nf6 5. d4 c6 6. Be2 Bg4 7. 0-0 e6 8. Bg5 Be7 9. Ne5 Bxe2 10. Nxe2 0-0 11. c3 h6 12. Bh4 Nbd7 13. Bg3 Qd5 14. Nf4 Qa5 15. b4 Qd8 16. Nh5 a5 17. a3 Nxh5 18. Qxh5 Bf6 19. f4 Kh7 20. Nxf7 Qe8 21. Ng5+ Bxg5 22. Qxe8 Raxe8 23. fxg5 hxg5 24. bxa5 Nf6 25. Bd6 Rf7 26. Rab1 Rd7 27. Be5 Nd5 28. c4 Ne3 29. Rfc1 Nf5 30. a6 bxa6 31. Rb6 Nxd4 32. Bxd4 Rxd4 33. Rxc6 a5 34. c5 Rb8 35. Rd6 Rxd6 36. cxd6 Kg6 37. Kf2 Rb2+ 38. Ke3 Kf6 39. Rf1+ Ke5 40. d7 Rb8 41. Rd1 Rd8 42. g4 Kf6 43. Ke4 Ke7 44. Rb1 Rxd7 45. Rb5 Rd2 46. h3 Kf6 47. Rxa5 Rh2 48. Ra7 Rxh3 49. a4 Ra3 50. a5 Ra4+ 51. Kf3 g6 52. a6 Ke5 53. Ra8 Ra3+ 54. Kf2 Kf4 55. a7 Kxg4 56. Ke2 Kg3 57. Kf1 g4 58. Ke2 Kg2 59. Rg8 Rxa7 60. Rxg6 Ra2+ 61. Ke3 g3 62. Rxe6 Ra1 63. Ke2 Kg1 64. Rg6 g2 65. Rg5 Rf1 66. Rg4 Rf8 67. Rg7 Re8+ 68. Kf3 Rf8+ 69. Ke2 Rf5 70. Rg6 Kh2 71. Rh6+ Kg3 72. Rg6+ Kh3 73. Rh6+ Kg4 74. Rg6+ Kh3 75. Rh6+ Kg3 76. Rg6+ Kh2 77. Rh6+ Kg1 78. Rg6 Rf2+ 79. Ke1 Ra2 80. Rg8 Kh2 81. Rh8+ Kg3 82. Rg8+ Kh2 83. Rh8+ Kg1 84. Rg8 Ra4 85. Ke2 Rh4 86. Kf3 Rh3+ 87. Ke2 Kh1 88. Kf2 Rh7 0-1

[Event "AUT-ch Vor1 Internet"]
[Site "Playchess.com INT"]
[Date "2020.04.11"]
[Round "4"]
[White "Belke, Frank"]
[Black "Fuchs, Georg"]
[Result "1-0"]
[WhiteElo "2273"]
[BlackElo "2234"]
[PlyCount "79"]
[EventDate "2020.04.11"]
[EventType "swiss (blitz)"]
[EventRounds "9"]
[EventCountry "AUT"]
[SourceTitle "CBM 195 Extra"]
[Source "ChessBase"]
[SourceDate "2020.05.31"]
[SourceVersion "1"]
[SourceVersionDate "2020.05.31"]
[SourceQuality "1"]

1. d4 Nf6 2. c4 e6 3. Nc3 d5 4. Bg5 Be7 5. Nf3 0-0 6. Qc2 Nbd7 7. e3 c6 8. a3 h6 9. Bh4 dxc4 10. Bxc4 b5 11. Ba2 a6 12. Rd1 Bb7 13. Bb1 g6 14. Ne5 Nxe5 15. dxe5 Nd5 16. Bxe7 Qxe7 17. Ne4 b4 18. Nd6 Rab8 19. 0-0 a5 20. Qc5 Ba6 21. Rfe1 bxa3 22. Qxa3 Rb6 23. Qxa5 Rfb8 24. h3 Qg5 25. f4 Qg3 26. Ne4 Qh4 27. b3 Bc8 28. Bc2 Ra6 29. Qc5 Ra2 30. Qxc6 Bb7 31. Qd6 Rd8 32. Nf6+ Nxf6 33. Qxd8+ Kh7 34. Qxf6 Qg3 35. Re2 Bd5 36. Qxf7+ Kh8 37. Rxd5 exd5 38. Qf6+ Kh7 39. Qxg6+ Qxg6 40. Bxg6+ 1-0

[Event "AUT-ch Vor1 Internet"]
[Site "Playchess.com INT"]
[Date "2020.04.11"]
[Round "3"]
[White "Fuchs, Georg"]
[Black "Klinglmair, Guenter"]
[Result "1-0"]
[WhiteElo "2234"]
[BlackElo "1483"]
[PlyCount "65"]
[EventDate "2020.04.11"]
[EventType "swiss (blitz)"]
[EventRounds "9"]
[EventCountry "AUT"]
[SourceTitle "CBM 195 Extra"]
[Source "ChessBase"]
[SourceDate "2020.05.31"]
[SourceVersion "1"]
[SourceVersionDate "2020.05.31"]
[SourceQuality "1"]

1. e4 c6 2. d4 d5 3. Nc3 dxe4 4. Nxe4 Bf5 5. Ng3 Bg6 6. h4 h6 7. Nf3 e6 8. Bd3 Bxd3 9. Qxd3 Nd7 10. Bf4 Rc8 11. 0-0-0 Ngf6 12. Ne4 Nd5 13. Bd2 Qc7 14. g3 Be7 15. Kb1 0-0 16. Neg5 g6 17. h5 gxh5 18. Rxh5 f5 19. Nxe6 Qd6 20. Nxf8 Rxf8 21. Rxf5 c5 22. dxc5 Nxc5 23. Qxd5+ Qxd5 24. Rxd5 Ne4 25. Bf4 Nxf2 26. Re1 Bf6 27. Rd7 Ng4 28. Rxb7 h5 29. c3 a5 30. Rd1 Nf2 31. Rdd7 Ne4 32. Rbc7 Bd8 33. Rc8 1-0

[Event "AUT-ch Vor1 Internet"]
[Site "Playchess.com INT"]
[Date "2020.04.11"]
[Round "8"]
[White "Platzgummer, Fabian"]
[Black "Fuchs, Georg"]
[Result "0-1"]
[WhiteElo "2336"]
[BlackElo "2234"]
[PlyCount "88"]
[EventDate "2020.04.11"]
[EventType "swiss (blitz)"]
[EventRounds "9"]
[EventCountry "AUT"]
[SourceTitle "CBM 195 Extra"]
[Source "ChessBase"]
[SourceDate "2020.05.31"]
[SourceVersion "1"]
[SourceVersionDate "2020.05.31"]
[SourceQuality "1"]

1. Nf3 d5 2. c3 c5 3. g3 Nf6 4. Bg2 Nc6 5. d4 e6 6. 0-0 cxd4 7. Nxd4 Be7 8. Bg5 0-0 9. Nd2 e5 10. Nxc6 bxc6 11. c4 Bf5 12. Bxf6 Bxf6 13. e4 dxe4 14. Nxe4 Be7 15. Qxd8 Rfxd8 16. Rfd1 Be6 17. b3 f5 18. Nc3 e4 19. Rxd8+ Rxd8 20. Rd1 Rxd1+ 21. Nxd1 Bf6 22. Kf1 Kf7 23. Ke2 Ke7 24. Ne3 Kd6 25. Kd2 Kc5 26. Bf1 a5 27. Nc2 Bg5+ 28. Kc3 Bf6+ 29. Kd2 g5 30. a3 f4 31. b4+ axb4 32. axb4+ Kd6 33. Na3 Bd4 34. c5+ Ke5 35. Ke2 Bb2 36. Nc2 Bc4+ 37. Ke1 Bc3+ 38. Kd1 Bxf1 39. gxf4+ gxf4 40. b5 Bxb5 41. h4 Ba4 42. h5 Bxc2+ 43. Kxc2 Bd4 44. h6 Bxc5 0-1

[Event "BL2-Ost 1819"]
[Site "Germany"]
[Date "2019.03.24"]
[Round "10.5"]
[White "Mueller, Matthias"]
[Black "Fuchs, Georg"]
[Result "1/2-1/2"]
[WhiteElo "2389"]
[BlackElo "2207"]
[PlyCount "31"]
[EventDate "2018.11.10"]
[EventType "team-tourn"]
[EventRounds "10"]
[EventCountry "GER"]
[SourceTitle "CBM 190 Extra"]
[Source "ChessBase"]
[SourceDate "2019.07.15"]
[SourceVersion "1"]
[SourceVersionDate "2019.07.15"]
[SourceQuality "1"]
[WhiteTeam "Erfurt"]
[BlackTeam "Weilheim"]
[WhiteTeamCountry "GER"]
[BlackTeamCountry "GER"]

1. e4 e5 2. Nf3 Nc6 3. d4 exd4 4. Nxd4 Nf6 5. Nxc6 bxc6 6. e5 Qe7 7. Qe2 Nd5 8. c4 Ba6 9. b3 g6 10. f4 Bg7 11. Qf2 Nf6 12. Be2 d6 13. 0-0 0-0 14. Ba3 c5 15. Nc3 Bb7 16. Rad1 1/2-1/2

[Event "BL2-Ost 1819"]
[Site "Germany"]
[Date "2019.03.23"]
[Round "9.5"]
[White "Fuchs, Georg"]
[Black "Hoerr, Matthias"]
[Result "0-1"]
[WhiteElo "2207"]
[BlackElo "2169"]
[PlyCount "108"]
[EventDate "2018.11.10"]
[EventType "team-tourn"]
[EventRounds "10"]
[EventCountry "GER"]
[SourceTitle "CBM 190 Extra"]
[Source "ChessBase"]
[SourceDate "2019.07.15"]
[SourceVersion "1"]
[SourceVersionDate "2019.07.15"]
[SourceQuality "1"]
[WhiteTeam "Weilheim"]
[BlackTeam "Plauen Koenig"]
[WhiteTeamCountry "GER"]
[BlackTeamCountry "GER"]

1. e4 c5 2. Nf3 e6 3. b3 b6 4. Bb2 Bb7 5. Bd3 Nc6 6. a3 d6 7. 0-0 Nf6 8. c4 g6 9. Nc3 Bg7 10. Rc1 0-0 11. Bb1 e5 12. Nd5 Nxd5 13. exd5 Nd4 14. Nxd4 exd4 15. f4 f5 16. Bd3 Qd7 17. b4 a5 18. bxc5 bxc5 19. Re1 Rfe8 20. Rxe8+ Rxe8 21. Qb3 Bf6 22. a4 Bd8 23. Qb5 Qe7 24. Ba3 Bc8 25. Qb3 Kh8 26. Qd1 Qd7 27. Rb1 Re7 28. Rb5 Qe8 29. Kf1 Bd7 30. Rb8 Bxa4 31. Qa1 Qd7 32. Bb2 Re8 33. Kg1 Bh4 34. Rxe8+ Qxe8 35. g3 Bd8 36. Kf2 Bb3 37. Qb1 a4 38. Qe1 Qxe1+ 39. Kxe1 Ba5 40. h3 Kg7 41. Be2 Bb4 42. Bd3 Kf6 43. Be2 a3 44. Ba1 Ba5 45. Bd3 Bd8 46. Ke2 Kf7 47. Ke1 Ke8 48. Ke2 Kd7 49. Ke1 Kc7 50. g4 h6 51. gxf5 Bh4+ 52. Ke2 gxf5 53. Kf3 Bd1+ 54. Kg2 Be1 0-1

[Event "AUT-chT2W 1819"]
[Site "Austria"]
[Date "2019.02.08"]
[Round "6.4"]
[White "Berchtenbreiter, Maximilian"]
[Black "Fuchs, Georg"]
[Result "1/2-1/2"]
[WhiteElo "2426"]
[BlackElo "2210"]
[PlyCount "97"]
[EventDate "2018.10.12"]
[EventType "team-tourn"]
[EventRounds "11"]
[EventCountry "AUT"]
[SourceTitle "CBM 189 Extra"]
[Source "ChessBase"]
[SourceDate "2019.06.03"]
[SourceVersion "1"]
[SourceVersionDate "2019.06.03"]
[SourceQuality "1"]
[WhiteTeam "Hohenems II"]
[BlackTeam "Jenbach II"]
[WhiteTeamCountry "AUT"]
[BlackTeamCountry "AUT"]

1. e4 e5 2. f4 Bc5 3. Nf3 d6 4. d3 Nf6 5. d4 Bb6 6. fxe5 dxe5 7. Nxe5 0-0 8. Bc4 Qe7 9. Be3 Nc6 10. Nxc6 Qxe4 11. Qf3 Qxc6 12. Qxc6 bxc6 13. 0-0 Be6 14. Nd2 Rfe8 15. a4 a5 16. Rae1 Rad8 17. Bg5 c5 18. Bxf6 gxf6 19. d5 Bd7 20. Ne4 Kg7 21. Re3 Bxa4 22. Rg3+ Kh8 23. Nxf6 Re5 24. Rh3 Bxc2 25. Nxh7 Rf5 26. Nf6+ Kg7 27. Nh5+ Kg8 28. Rc1 Bb3 29. g4 Rxh5 30. Rxh5 Bxc4 31. Rd1 c6 32. Rh6 Bb3 33. Re1 c4+ 34. Kg2 Rxd5 35. h4 Rd2+ 36. Kh3 Bc7 37. g5 Bd1 38. Rxd1 Rxd1 39. Rxc6 Bd8 40. Rxc4 Kg7 41. Kg4 Rb1 42. Rd4 Bb6 43. Rd2 a4 44. Re2 Rg1+ 45. Kf5 Rf1+ 46. Kg4 Rf2 47. Re4 Rg2+ 48. Kh5 Rxb2 49. Rxa4 1/2-1/2

[Event "AUT-chT2W 1819"]
[Site "Austria"]
[Date "2018.10.14"]
[Round "3.4"]
[White "Everett, Elijah David"]
[Black "Fuchs, Georg"]
[Result "1-0"]
[WhiteElo "2232"]
[BlackElo "2210"]
[PlyCount "65"]
[EventDate "2018.10.12"]
[EventType "team-tourn"]
[EventRounds "11"]
[EventCountry "AUT"]
[SourceTitle "CBM 186 Extra"]
[Source "ChessBase"]
[SourceDate "2018.08.24"]
[SourceVersion "1"]
[SourceVersionDate "2018.08.24"]
[SourceQuality "1"]
[WhiteTeam "Pradl"]
[BlackTeam "Jenbach II"]
[WhiteTeamCountry "AUT"]
[BlackTeamCountry "AUT"]

1. e4 e5 2. Nf3 Nf6 3. Nxe5 d6 4. Nf3 Nxe4 5. Nc3 Nf6 6. d4 d5 7. Bd3 Be7 8. 0-0 0-0 9. h3 b6 10. Re1 c5 11. Bf4 Nc6 12. Ne5 Bb7 13. Ba6 Nxe5 14. Bxb7 Ng6 15. Bg3 cxd4 16. Qxd4 Bc5 17. Qd3 Rb8 18. Bxb8 Qxb8 19. Bxd5 Qf4 20. Qf3 Qb4 21. a3 Qh4 22. Ne4 Bd4 23. Nxf6+ Bxf6 24. c3 Qg5 25. Rad1 h5 26. Qg3 Qh6 27. Bc4 Bh4 28. Qf3 Nf4 29. g3 Nxh3+ 30. Kg2 Ng5 31. Qf4 Qc6+ 32. Bd5 Qd7 33. Qxh4 1-0

[Event "AUT-chT2W 1718"]
[Site "Austria"]
[Date "2018.03.11"]
[Round "11.5"]
[White "Ruescher, Christian"]
[Black "Fuchs, Georg"]
[Result "0-1"]
[WhiteElo "2068"]
[BlackElo "2156"]
[PlyCount "58"]
[EventDate "2017.10.13"]
[EventType "team-tourn"]
[EventRounds "11"]
[EventCountry "AUT"]
[SourceTitle "EXT 2019"]
[Source "ChessBase"]
[SourceDate "2018.10.10"]
[SourceVersion "1"]
[SourceVersionDate "2018.10.10"]
[SourceQuality "1"]
[WhiteTeam "Dornbirn"]
[BlackTeam "Jenbach II"]
[WhiteTeamCountry "AUT"]
[BlackTeamCountry "AUT"]

1. e4 e5 2. Nf3 Nf6 3. Nxe5 d6 4. Nf3 Nxe4 5. d4 d5 6. Bd3 Bd6 7. 0-0 0-0 8. c4 c6 9. cxd5 cxd5 10. Nc3 Nxc3 11. bxc3 Bg4 12. Rb1 Nd7 13. h3 Bh5 14. c4 dxc4 15. Bxc4 Rc8 16. Be2 Re8 17. Be3 Nb6 18. Rb5 Bg6 19. Qb3 Bc2 20. Qb2 Na4 21. Qc1 Nc3 22. Qxc2 Nxb5 23. Qf5 Nc3 24. Ng5 Nxe2+ 25. Kh1 Qf6 26. Qxh7+ Kf8 27. Qh5 Ng3+ 28. fxg3 Qxf1+ 29. Bg1 Rc2 0-1

[Event "AUT-chT2W 1718"]
[Site "Austria"]
[Date "2018.03.10"]
[Round "10.4"]
[White "Fuchs, Georg"]
[Black "Mittelberger, Peter"]
[Result "0-1"]
[WhiteElo "2156"]
[BlackElo "2180"]
[PlyCount "70"]
[EventDate "2017.10.13"]
[EventType "team-tourn"]
[EventRounds "11"]
[EventCountry "AUT"]
[SourceTitle "EXT 2019"]
[Source "ChessBase"]
[SourceDate "2018.10.10"]
[SourceVersion "1"]
[SourceVersionDate "2018.10.10"]
[SourceQuality "1"]
[WhiteTeam "Jenbach II"]
[BlackTeam "Goetzis II"]
[WhiteTeamCountry "AUT"]
[BlackTeamCountry "AUT"]

1. e4 d6 2. d4 g6 3. Nf3 Bg7 4. Bc4 Nf6 5. Qe2 0-0 6. Nc3 c6 7. a4 d5 8. exd5 cxd5 9. Bb3 Nc6 10. Bg5 Bg4 11. 0-0-0 e6 12. h3 Bxf3 13. Qxf3 h6 14. Bh4 g5 15. Bg3 Rc8 16. Qe3 Qb6 17. f4 Nh5 18. Ne2 Nxd4 19. Rxd4 Nxg3 20. Qxg3 Bxd4 21. fxg5 Bf2 22. Qg4 Qe3+ 23. Kb1 Qxg5 24. Qf3 Bc5 25. h4 Qe3 26. Qh5 Bd6 27. Rh3 Qe4 28. Qxh6 Qxe2 29. Qg5+ Kh7 30. c3 Qe5 31. Bc2+ f5 32. Qh5+ Kg7 33. g4 Qf4 34. gxf5 Rxf5 35. Bxf5 Qxf5+ 0-1

[Event "BL2-Ost 1718"]
[Site "Germany"]
[Date "2017.12.09"]
[Round "5.6"]
[White "Fuchs, Georg"]
[Black "Machelett, Heiko"]
[Result "1/2-1/2"]
[WhiteElo "2156"]
[BlackElo "2394"]
[PlyCount "63"]
[EventDate "2017.10.21"]
[EventType "team-tourn"]
[EventRounds "10"]
[EventCountry "GER"]
[SourceTitle "CBM 183 Extra"]
[Source "ChessBase"]
[SourceDate "2018.04.19"]
[SourceVersion "1"]
[SourceVersionDate "2018.04.19"]
[SourceQuality "1"]
[WhiteTeam "Weilheim"]
[BlackTeam "Erfurt"]
[WhiteTeamCountry "GER"]
[BlackTeamCountry "GER"]

1. e4 c5 2. Nf3 e6 3. b3 Nf6 4. e5 Nd5 5. c4 Ne7 6. Bd3 Ng6 7. 0-0 Nc6 8. Re1 d6 9. exd6 Qxd6 10. Bc2 Be7 11. Bb2 0-0 12. Nc3 Rd8 13. Ne4 Qf4 14. Ng3 Bf8 15. Re4 Qc7 16. h4 f5 17. Ng5 Bd6 18. Rxe6 Nf8 19. Bxf5 Bxe6 20. Bxe6+ Nxe6 21. Nxe6 Qf7 22. Nxd8 Rxd8 23. Ne4 Qf4 24. Nxd6 Rxd6 25. Qe2 Rxd2 26. Bc1 Rxe2 27. Bxf4 Kf7 28. Be3 b6 29. Kf1 Rb2 30. Bc1 Rc2 31. Be3 Rb2 32. Bc1 1/2-1/2

[Event "Oberliga Bayern 1617"]
[Site "Bayern"]
[Date "2017.02.19"]
[Round "6.6"]
[White "Fuchs, Georg"]
[Black "Lowitz, Torsten"]
[Result "0-1"]
[WhiteElo "2164"]
[BlackElo "2134"]
[PlyCount "76"]
[EventDate "2016.10.16"]
[EventType "team-tourn"]
[EventRounds "9"]
[EventCountry "GER"]
[SourceTitle "EXT 2019"]
[Source "ChessBase"]
[SourceDate "2018.10.10"]
[SourceVersion "1"]
[SourceVersionDate "2018.10.10"]
[SourceQuality "1"]
[WhiteTeam "Weilheim"]
[BlackTeam "Herzogenaurach"]
[WhiteTeamCountry "GER"]
[BlackTeamCountry "GER"]

1. e4 d6 2. Nf3 c5 3. d4 cxd4 4. Nxd4 Nf6 5. Nc3 a6 6. Be2 e5 7. Nb3 Be7 8. 0-0 Be6 9. f4 exf4 10. Bxf4 Nc6 11. Qe1 Ne5 12. Rd1 Qc7 13. Nd4 0-0 14. Qg3 Rfe8 15. Kh1 b5 16. a3 Rab8 17. h4 Kh8 18. h5 b4 19. axb4 Rxb4 20. h6 Rg8 21. Nxe6 fxe6 22. Qh3 gxh6 23. Qxe6 Rg6 24. Qf5 Rxb2 25. Nd5 Nxd5 26. exd5 a5 27. Bxe5+ dxe5 28. d6 Bxd6 29. Bh5 Rg7 30. Qe6 Qxc2 31. Rg1 Rb4 32. Qh3 Qa4 33. g3 Qc6+ 34. Qg2 Rxg3 35. Bf3 Rh4+ 36. Qh2 Qxf3+ 37. Rg2 Rxh2+ 38. Kxh2 Qxg2# 0-1

[Event "AUT-ch"]
[Site "St Johann im Pongau"]
[Date "2016.07.31"]
[Round "9"]
[White "Toelly, Michael"]
[Black "Fuchs, Georg"]
[Result "0-1"]
[WhiteElo "2132"]
[BlackElo "2221"]
[PlyCount "82"]
[EventDate "2016.07.23"]
[EventType "swiss"]
[EventRounds "9"]
[EventCountry "AUT"]
[SourceTitle "CBM 173 Extra"]
[Source "ChessBase"]
[SourceDate "2016.08.29"]
[SourceVersion "1"]
[SourceVersionDate "2016.08.29"]
[SourceQuality "1"]

1. e4 e5 2. Nf3 Nf6 3. Nxe5 d6 4. Nf3 Nxe4 5. Nc3 Nf6 6. d4 d5 7. Bd3 Be7 8. Bf4 0-0 9. h3 a6 10. 0-0 b5 11. Ne2 c5 12. dxc5 Bxc5 13. Ned4 Ne4 14. c3 Bb7 15. Qc2 Nd7 16. Nb3 Ba7 17. Nfd4 Rc8 18. Qe2 Re8 19. Rae1 Qf6 20. Qg4 Ne5 21. Bxe5 Rxe5 22. Bxe4 dxe4 23. Na5 h5 24. Qe2 Bd5 25. Qe3 Bb6 26. Nab3 Bc4 27. f4 Rd5 28. Qxe4 Rd6 29. Rf2 Bxb3 30. axb3 Rxd4 31. cxd4 Bxd4 32. Qf3 g5 33. fxg5 Qxf3 34. gxf3 Rc2 35. Ref1 Rxb2 36. Kg2 Bxf2 37. Rxf2 Rxf2+ 38. Kxf2 a5 39. Ke3 a4 40. bxa4 bxa4 41. Kd4 Kg7 0-1